<?xml version="1.0" encoding="UTF-8"?><?xml-stylesheet type="text/xsl" href="static/style.xsl"?><OAI-PMH xmlns="http://www.openarchives.org/OAI/2.0/" xmlns:xsi="http://www.w3.org/2001/XMLSchema-instance" xsi:schemaLocation="http://www.openarchives.org/OAI/2.0/ http://www.openarchives.org/OAI/2.0/OAI-PMH.xsd"><responseDate>2026-04-29T03:58:29Z</responseDate><request verb="GetRecord" identifier="oai:riubu.ubu.es:10259/5540" metadataPrefix="marc">https://riubu.ubu.es/oai/request</request><GetRecord><record><header><identifier>oai:riubu.ubu.es:10259/5540</identifier><datestamp>2024-05-14T10:44:37Z</datestamp><setSpec>com_10259_2699</setSpec><setSpec>col_10259_2725</setSpec></header><metadata><record xmlns="http://www.loc.gov/MARC21/slim" xmlns:doc="http://www.lyncode.com/xoai" xmlns:xsi="http://www.w3.org/2001/XMLSchema-instance" xmlns:dcterms="http://purl.org/dc/terms/" xsi:schemaLocation="http://www.loc.gov/MARC21/slim http://www.loc.gov/standards/marcxml/schema/MARC21slim.xsd">
<leader>00925njm 22002777a 4500</leader>
<datafield tag="042" ind1=" " ind2=" ">
<subfield code="a">dc</subfield>
</datafield>
<datafield tag="720" ind1=" " ind2=" ">
<subfield code="a">Gamarra López, Carlos</subfield>
<subfield code="e">author</subfield>
</datafield>
<datafield tag="260" ind1=" " ind2=" ">
<subfield code="c">2020</subfield>
</datafield>
<datafield tag="520" ind1=" " ind2=" ">
<subfield code="a">Las microredes se presentan con frecuencia como el futuro de las redes eléctricas. Sin embargo, la complejidad del proceso de planificación de algunos tipos de microrredes impide que más inversores las adopten.&#xd;
El objetivo de esta tesis es avanzar en el estado del arte de la planificación de microredes, desarrollando un método de análisis de viabilidad para microredes multiedificio rápido y orientado a los inversores. Una innovadora combinación de algoritmos de optimización y análisis de riesgos seleccionan, dimensionan, ubican sus componentes, planificando su operación en base a los objetivos y las restricciones indicadas por el inversor.&#xd;
Este método reduce los tiempos actuales de modelado y simulación, comparando las soluciones óptimas con las sugeridas por el usuario en base a indicadores económicos a largo plazo, siguiendo un enfoque determinístico y otro probabilístico. El método se ha implementado en MATLAB y aplicado con éxito a un campus de la Universidad de Burgos.</subfield>
</datafield>
<datafield tag="024" ind2=" " ind1="8">
<subfield code="a">http://hdl.handle.net/10259/5540</subfield>
</datafield>
<datafield tag="024" ind2=" " ind1="8">
<subfield code="a">10.36443/10259/5540</subfield>
</datafield>
<datafield ind1=" " ind2=" " tag="653">
<subfield code="a">Microrred</subfield>
</datafield>
<datafield ind1=" " ind2=" " tag="653">
<subfield code="a">Multiedificio</subfield>
</datafield>
<datafield ind1=" " ind2=" " tag="653">
<subfield code="a">Viabilidad</subfield>
</datafield>
<datafield ind1=" " ind2=" " tag="653">
<subfield code="a">Optimización</subfield>
</datafield>
<datafield ind1=" " ind2=" " tag="653">
<subfield code="a">Análisis de riesgos</subfield>
</datafield>
<datafield ind1=" " ind2=" " tag="653">
<subfield code="a">Microgrid</subfield>
</datafield>
<datafield ind1=" " ind2=" " tag="653">
<subfield code="a">Multi-building</subfield>
</datafield>
<datafield ind1=" " ind2=" " tag="653">
<subfield code="a">Feasibility</subfield>
</datafield>
<datafield ind1=" " ind2=" " tag="653">
<subfield code="a">Optimization</subfield>
</datafield>
<datafield ind1=" " ind2=" " tag="653">
<subfield code="a">Risk analysis</subfield>
</datafield>
<datafield tag="245" ind1="0" ind2="0">
<subfield code="a">Metodología para la definición de escenarios rentables rentables en el desarrollo de micro-redes eléctricas</subfield>
</datafield>
</record></metadata></record></GetRecord></OAI-PMH>